000 00749nam a2200253Ia 4500
003 OSt
005 20220926012421.0
006 a|||||r|||| 00| 0
007 ta
008 220923b |||||||| |||| 00| 0 eng d
020 _a0231039611
037 _cGeneral Book
040 _aRTL
_cRTL
_beng
041 _2eng
_aeng
082 _aY:1, L5
100 _aWhite Leslie A
245 0 _aConcept of cultural systems
_b A key to understanding tribes and nations
260 _aNew York
_bColumbia University Press
_c1975
300 _axiii,192p
_ccm.
500 _aBibliography: p 181-192
650 _aCulture and Civilisation
942 _hY:1, L5
_cGB
_2CC
999 _c622887
_d622887